[Event "DEN-chT 0809"]
[Site "Denmark"]
[Date "2009.03.22"]
[Round "9"]
[White "Skytte, Rasmus"]
[Black "Nielsen, Peter Heine"]
[Result "0-1"]
[WhiteElo "2392"]
[BlackElo "2662"]
[PlyCount "82"]
[EventDate "2008.11.01"]
[EventType "team-tourn"]
[EventRounds "9"]
[EventCountry "DEN"]
[SourceTitle "EXT 2010"]
[Source "ChessBase"]
[SourceDate "2009.11.30"]
[SourceVersion "1"]
[SourceVersionDate "2009.11.30"]
[SourceQuality "1"]

1. e4 e5 2. Nf3 Nc6 3. c3 Nf6 4. d4 exd4 5. e5 Ne4 6. Nxd4 Qh4 7. g3 Nxg3 8.
fxg3 Qe4+ 9. Qe2 Qxh1 10. Nb5 Kd8 11. Bg5+ Be7 12. Bxe7+ Nxe7 13. Nd2 Qc6 14.
O-O-O Re8 15. Bg2 Qh6 16. Kb1 Nc6 17. Nc4 Re7 18. Ka1 a6 19. Nd4 Nxd4 20. cxd4
d6 21. Qf3 dxe5 22. Nxe5 Qf6 23. Qb3 Qb6 24. Qd3 g6 25. Qf3 Ke8 26. Nc4 Qe6 27.
Qc3 Qf6 28. Rf1 Qg7 29. Ne3 Be6 30. Bxb7 Rd8 31. Rd1 Kf8 32. Bxa6 Red7 33. Nc2
Kg8 34. Bb5 Rd6 35. Qxc7 Qf8 36. Qc3 Rc8 37. Qd2 Rb6 38. Ba4 Ra8 39. b3 Bxb3
40. Bxb3 Rxb3 41. d5 Ra4 0-1

[Event "Zagreb op-B"]
[Site "Zagreb"]
[Date "2009.03.22"]
[Round "2"]
[White "Dinic, Nenad"]
[Black "Mihalincic, Tomislav"]
[Result "0-1"]
[WhiteElo "2072"]
[BlackElo "2244"]
[PlyCount "88"]
[EventDate "2009.03.21"]
[EventType "swiss"]
[EventRounds "9"]
[EventCountry "CRO"]
[SourceTitle "CBM 129 Extra"]
[Source "ChessBase"]
[SourceDate "2009.05.05"]
[SourceVersion "2"]
[SourceVersionDate "2009.05.20"]
[SourceQuality "1"]

1. e4 e5 2. Nf3 Nc6 3. c3 Nf6 4. d4 Nxe4 5. d5 Ne7 6. Nxe5 Ng6 7. Qd4 f5 8. Nd3
Qf6 9. Qxf6 Nxf6 10. c4 d6 11. Nc3 Bd7 12. Be3 Ne5 13. b3 Kf7 14. h3 Re8 15.
O-O-O a6 16. Bd4 g6 17. Be2 Bg7 18. f4 Nxd3+ 19. Bxd3 Rhg8 20. g3 Bh6 21. Rde1
Nh5 22. Bf2 Bg7 23. Ne2 Re7 24. Kd2 Rge8 25. Nc3 Bh6 26. Rxe7+ Rxe7 27. Ne2 c5
28. Rg1 b5 29. Be3 Nf6 30. Nc3 b4 31. Nd1 Ne4+ 32. Bxe4 Rxe4 33. Nf2 Re8 34. g4
a5 35. a4 fxg4 36. hxg4 Bg7 37. Nd1 h5 38. g5 Bf5 39. Rg2 Bg4 40. Nf2 Bc3+ 41.
Kd3 Bf5+ 42. Ke2 Bc2 43. Kf3 Bxb3 44. Ne4 Bd1+ 0-1

[Event "Vilnius"]
[Site "Vilnius"]
[Date "2009.03.20"]
[Round "6"]
[White "Starostits, Ilmars"]
[Black "Marholev, Dimitar"]
[Result "1/2-1/2"]
[WhiteElo "2499"]
[BlackElo "2449"]
[PlyCount "22"]
[EventDate "2009.03.17"]
[EventType "tourn"]
[EventRounds "10"]
[EventCountry "LTU"]
[EventCategory "4"]
[SourceTitle "CBM 129 Extra"]
[Source "ChessBase"]
[SourceDate "2009.05.05"]
[SourceVersion "2"]
[SourceVersionDate "2009.05.20"]
[SourceQuality "1"]

1. e4 e5 2. Nf3 Nc6 3. c3 Nf6 4. d4 d6 5. d5 Ne7 6. h3 Ng6 7. Qc2 Be7 8. c4 O-O
9. Nc3 c6 10. g3 cxd5 11. cxd5 Ne8 1/2-1/2

[Event "Oberliga Ost-A 0809"]
[Site "Germany"]
[Date "2009.03.15"]
[Round "9.1"]
[White "Proehl, Holger"]
[Black "Hoepfl, Thomas"]
[Result "1-0"]
[WhiteElo "2412"]
[BlackElo "2356"]
[PlyCount "47"]
[EventDate "2008.10.12"]
[EventType "team-tourn"]
[EventRounds "11"]
[EventCountry "GER"]
[SourceTitle "EXT 2010"]
[Source "ChessBase"]
[SourceDate "2009.11.30"]
[SourceVersion "1"]
[SourceVersionDate "2009.11.30"]
[SourceQuality "1"]
[WhiteTeam "Loeberitz"]
[BlackTeam "Halle USV"]
[WhiteTeamCountry "GER"]
[BlackTeamCountry "GER"]

1. e4 e5 2. Nf3 Nc6 3. c3 d5 4. Qa4 Bd7 5. exd5 Nd4 6. Qd1 Nxf3+ 7. Qxf3 Nf6 8.
Bc4 e4 9. Qe2 Bd6 10. d4 O-O 11. h3 Re8 12. Be3 c6 13. dxc6 bxc6 14. Bb3 Nd5
15. Nd2 a5 16. Nc4 Bc7 17. a3 Rb8 18. Ba2 Qf6 19. g3 c5 20. dxc5 Nxc3 21. Qd2
Nxa2 22. Qxd7 Nc3 23. Qxc7 Qf3 24. O-O 1-0

[Event "Borisoglebsk Bocharov Memorial 9th"]
[Site "Borisoglebsk"]
[Date "2009.03.15"]
[Round "6"]
[White "Skvortsov, Andrey"]
[Black "Petukhov, Dmitry"]
[Result "0-1"]
[WhiteElo "2202"]
[BlackElo "2395"]
[PlyCount "61"]
[EventDate "2009.03.12"]
[EventType "swiss"]
[EventRounds "9"]
[EventCountry "RUS"]
[SourceTitle "EXT 2010"]
[Source "ChessBase"]
[SourceDate "2009.11.30"]
[SourceVersion "1"]
[SourceVersionDate "2009.11.30"]
[SourceQuality "1"]

1. e4 e5 2. Nf3 Nc6 3. c3 d5 4. Qa4 f6 5. Bb5 Nge7 6. exd5 Qxd5 7. O-O a6 8.
Bc4 Qa5 9. Qb3 Nd8 10. d4 b5 11. Bd3 Be6 12. Qd1 Nf7 13. dxe5 fxe5 14. Qe2 Ng6
15. Ng5 Nxg5 16. Bxg5 Bd6 17. f4 Qb6+ 18. Kh1 O-O 19. f5 Bd5 20. Nd2 Nf4 21.
Bxf4 exf4 22. Be4 Bxe4 23. Qxe4 Rae8 24. Qd5+ Kh8 25. Rae1 Qc5 26. Qxc5 Bxc5
27. Nb3 Bd6 28. Re6 Rxe6 29. fxe6 Re8 30. Re1 g6 31. Nd4 0-1

[Event "SWE-chT2 0809"]
[Site "Sweden"]
[Date "2009.03.13"]
[Round "7"]
[White "Soderberg, Per"]
[Black "Blomstrom, Lars"]
[Result "1-0"]
[WhiteElo "2230"]
[BlackElo "2126"]
[PlyCount "77"]
[EventDate "2008.10.25"]
[EventType "team-tourn"]
[EventRounds "9"]
[EventCountry "SWE"]
[SourceTitle "EXT 2011"]
[Source "ChessBase"]
[SourceDate "2010.11.26"]
[SourceVersion "1"]
[SourceVersionDate "2010.11.26"]
[SourceQuality "1"]

1. e4 e5 2. Nf3 Nc6 3. c3 d5 4. Qa4 Nf6 5. Nxe5 Bd6 6. Nxc6 bxc6 7. d3 O-O 8.
Bg5 Re8 9. Qxc6 Bd7 10. Bxf6 Bxc6 11. Bxd8 Raxd8 12. f3 f5 13. Nd2 fxe4 14.
fxe4 dxe4 15. d4 Bf4 16. Bc4+ Kh8 17. Nb3 Rd6 18. O-O Rf6 19. Rae1 e3 20. d5
Ba8 21. g3 Bd6 22. Rxf6 gxf6 23. Bb5 Re5 24. c4 Bb7 25. Kg2 Bc8 26. Kf3 Kg7 27.
Rxe3 Bg4+ 28. Kf2 Rf5+ 29. Kg2 Be5 30. h3 Bd1 31. Bd7 Rg5 32. Nc5 Kh6 33. Nd3
Bd6 34. Nf2 Bc2 35. Ng4+ Kg7 36. Nf2 Kh6 37. Rc3 Bb1 38. a3 Be5 39. h4 1-0

[Event "Osijek OBZ Cup 2nd"]
[Site "Osijek"]
[Date "2009.03.13"]
[Round "1.2"]
[White "Zorman, Antun"]
[Black "Tomasic, Dragutin"]
[Result "1/2-1/2"]
[WhiteElo "1955"]
[BlackElo "2029"]
[PlyCount "152"]
[EventDate "2009.03.13"]
[EventType "team-tourn"]
[EventRounds "5"]
[EventCountry "CRO"]
[SourceTitle "EXT 2011"]
[Source "ChessBase"]
[SourceDate "2010.11.26"]
[SourceVersion "1"]
[SourceVersionDate "2010.11.26"]
[SourceQuality "1"]

1. e4 e5 2. Nf3 Nc6 3. c3 Nf6 4. Bd3 d5 5. exd5 Qxd5 6. Bc2 e4 7. Qe2 Be7 8.
Ng1 O-O 9. Bb3 Qg5 10. g3 Ne5 11. h4 Qf5 12. Na3 Nd3+ 13. Kf1 Bc5 14. Nh3 Bd7
15. Nc4 Ng4 16. Ne3 Nxe3+ 17. dxe3 Bd6 18. Nf4 Ne5 19. Bc2 Bc6 20. b4 a6 21. a4
Rfd8 22. Ba3 b5 23. Rd1 Nc4 24. Bc1 Qe5 25. Rd4 Qe8 26. a5 Be5 27. Rxd8 Rxd8
28. Qe1 Qd7 29. Ne2 Bb7 30. Nd4 Bd6 31. Qe2 c5 32. bxc5 Bxc5 33. Nb3 Be7 34.
Kg2 Ne5 35. Rd1 Nd3 36. Bd2 Qf5 37. Nd4 Qg6 38. Kh2 h5 39. Bc1 Ne5 40. Rd2 Nc4
41. Rd1 Qf6 42. Rf1 Ne5 43. Qxh5 g6 44. Qe2 Bd5 45. Bb3 Bxb3 46. Nxb3 Nf3+ 47.
Kg2 Qxc3 48. Qb2 Bf6 49. Qxc3 Bxc3 50. Nc5 f5 51. Nxa6 Bxa5 52. Ba3 Ra8 53. Nb4
Rc8 54. Nd5 Rd8 55. Ne7+ Kf7 56. h5 gxh5 57. Nxf5 b4 58. Bb2 Rd2 59. Rb1 Bb6
60. Bc1 Rd1 61. Rxb4 Bc5 62. Rxe4 Ne1+ 63. Kh3 Rxc1 64. Nd4 Nd3 65. Kg2 Ne1+
66. Kh3 Nd3 67. Kg2 Bd6 68. Ne2 Ne1+ 69. Kh3 Rc2 70. Nf4 Rxf2 71. Nxh5 Nf3 72.
Kg4 Nh2+ 73. Kh3 Nf1 74. Nf4 Bc5 75. Nd5 Bd6 76. Nf4 Nd2 1/2-1/2

[Event "HUN-chT2 Maroczy 0809"]
[Site "Hungary"]
[Date "2009.03.08"]
[Round "9"]
[White "Mike, Peter"]
[Black "Berta, Gergely"]
[Result "1-0"]
[WhiteElo "1986"]
[BlackElo "2014"]
[PlyCount "31"]
[EventDate "2008.10.26"]
[EventType "team-tourn"]
[EventRounds "11"]
[EventCountry "HUN"]
[SourceTitle "EXT 2010"]
[Source "ChessBase"]
[SourceDate "2009.11.30"]
[SourceVersion "1"]
[SourceVersionDate "2009.11.30"]
[SourceQuality "1"]
[WhiteTeam "Maroczy"]
[BlackTeam "Oroshaza"]
[WhiteTeamCountry "HUN"]
[BlackTeamCountry "HUN"]

1. e4 e5 2. Nf3 Nc6 3. c3 d6 4. d4 Bd7 5. Nbd2 g6 6. dxe5 Nxe5 7. Nxe5 dxe5 8.
Bc4 Bc6 9. Qb3 Qd7 10. Nf3 Bg7 11. O-O O-O-O 12. Bxf7 Kb8 13. Bg5 Rf8 14. Rad1
Qg4 15. Qb4 Qxe4 16. Qxf8+ 1-0

[Event "Riga Gipslis Memorial"]
[Site "Riga"]
[Date "2009.03.06"]
[Round "2"]
[White "Starostits, Ilmars"]
[Black "Samolins, Vitalijs"]
[Result "1/2-1/2"]
[WhiteElo "2500"]
[BlackElo "2430"]
[PlyCount "106"]
[EventDate "2009.03.05"]
[EventType "tourn"]
[EventRounds "9"]
[EventCountry "LAT"]
[EventCategory "8"]
[SourceTitle "CBM 129 Extra"]
[Source "ChessBase"]
[SourceDate "2009.05.05"]
[SourceVersion "2"]
[SourceVersionDate "2009.05.20"]
[SourceQuality "1"]

1. e4 e5 2. Nf3 Nc6 3. c3 d5 4. Qa4 Bd7 5. exd5 Nd4 6. Qd1 Nxf3+ 7. Qxf3 Nf6 8.
Bc4 e4 9. Qe3 Bd6 10. d4 O-O 11. h3 b5 12. Bb3 a5 13. a4 bxa4 14. Ba2 Nh5 15.
O-O f5 16. c4 Nf4 17. Nc3 Nxg2 18. Kxg2 f4 19. Qxe4 Qg5+ 20. Kh1 Qh4 21. Bb1 g6
22. Qf3 Bxh3 23. Kg1 Qg5+ 24. Kh2 Bg4 25. Qh1 Qh4+ 26. Kg1 Bh3 27. Qf3 Qg5+ 28.
Kh1 Bxf1 29. c5 Rae8 30. Bd2 Be7 31. d6 cxd6 32. Ba2+ Kg7 33. Rxf1 Qh4+ 34. Kg2
Qg5+ 35. Kh2 Qh4+ 36. Qh3 Qxh3+ 37. Kxh3 dxc5 38. d5 Bf6 39. Nxa4 Re2 40. Bxf4
Bxb2 41. Bd6 Rf5 42. Bc4 Rc2 43. Nxb2 Rxb2 44. Bxc5 Rc2 45. Bd4+ Kf7 46. Ba6
Rxd5 47. Be3 a4 48. Ra1 Ra5 49. Bd3 Rc3 50. Bb1 Re5 51. Rxa4 Rexe3+ 52. fxe3
Rxe3+ 53. Kg4 Re7 1/2-1/2

[Event "SLO-ch U10"]
[Site "Rogaska Slatina"]
[Date "2009.02.24"]
[Round "5"]
[White "Zunic, Gregor"]
[Black "Andolsek, Jure"]
[Result "0-1"]
[WhiteElo "1500"]
[BlackElo "1500"]
[PlyCount "54"]
[EventDate "2009.02.22"]
[EventType "swiss"]
[EventRounds "9"]
[EventCountry "SLO"]
[SourceTitle "CBM 129 Extra"]
[Source "ChessBase"]
[SourceDate "2009.05.05"]
[SourceVersion "2"]
[SourceVersionDate "2009.05.20"]
[SourceQuality "1"]

1. e4 e5 2. Nf3 Nc6 3. c3 Nf6 4. d4 exd4 5. e5 Ne4 6. cxd4 Bb4+ 7. Bd2 O-O 8.
a3 Bxd2+ 9. Nbxd2 d6 10. exd6 Qxd6 11. Nc4 Qe6 12. Be2 b5 13. Ncd2 Rd8 14. O-O
Qg6 15. Bxb5 Nxd4 16. Nxd4 Rxd4 17. Re1 Bb7 18. f4 Qb6 19. Kf1 Qxb5+ 20. Re2
Nc3 21. Ke1 Nxd1 22. Rxd1 Re8 23. Rxe8+ Qxe8+ 24. Kf1 Qd8 25. Ke1 Ba6 26. b3
Bf1 27. g3 f5 0-1

[Event "SLO-ch U14"]
[Site "Rogaska Slatina"]
[Date "2009.02.24"]
[Round "4"]
[White "Gnidovec, Tilen"]
[Black "Tiselj, Peter"]
[Result "1-0"]
[WhiteElo "1594"]
[BlackElo "1500"]
[PlyCount "53"]
[EventDate "2009.02.22"]
[EventType "swiss"]
[EventRounds "9"]
[EventCountry "SLO"]
[SourceTitle "CBM 129 Extra"]
[Source "ChessBase"]
[SourceDate "2009.05.05"]
[SourceVersion "2"]
[SourceVersionDate "2009.05.20"]
[SourceQuality "1"]

1. e4 e5 2. Nf3 Nc6 3. c3 Nf6 4. d4 exd4 5. e5 Ng8 6. cxd4 d6 7. Bb5 Bd7 8.
exd6 cxd6 9. O-O Nf6 10. Bg5 Be7 11. Bxf6 Bxf6 12. Re1+ Be7 13. Nc3 O-O 14. Qe2
Bf6 15. Rad1 Re8 16. Qd2 Rxe1+ 17. Rxe1 a6 18. Ba4 Ne7 19. Bxd7 Qxd7 20. Ne4
Re8 21. Nxf6+ gxf6 22. Qf4 Nd5 23. Rxe8+ Qxe8 24. Qxd6 Qe7 25. Qxd5 Qc7 26. Qc5
Qf4 27. h3 1-0

[Event "SLO-ch U14"]
[Site "Rogaska Slatina"]
[Date "2009.02.24"]
[Round "4"]
[White "Brank, Bine"]
[Black "Skvorc, Ziga"]
[Result "0-1"]
[WhiteElo "1617"]
[BlackElo "1531"]
[PlyCount "74"]
[EventDate "2009.02.22"]
[EventType "swiss"]
[EventRounds "9"]
[EventCountry "SLO"]
[SourceTitle "CBM 129 Extra"]
[Source "ChessBase"]
[SourceDate "2009.05.05"]
[SourceVersion "2"]
[SourceVersionDate "2009.05.20"]
[SourceQuality "1"]

1. e4 e5 2. Nf3 Nc6 3. c3 Nf6 4. d4 d6 5. Be2 Nxe4 6. d5 Ne7 7. Qa4+ c6 8. dxc6
Nxc6 9. Qxe4 d5 10. Qc2 Be7 11. Bb5 Qd6 12. Be3 O-O 13. Nbd2 f6 14. Nb3 b6 15.
h3 d4 16. O-O-O Bb7 17. Kb1 f5 18. Ng5 Qg6 19. Bc4+ Kh8 20. Nf7+ Rxf7 21. Bxf7
Qxf7 22. Bc1 Rc8 23. Rhe1 Qg6 24. g4 d3 25. Qxd3 e4 26. gxf5 Qxf5 27. Qxe4 Qxf2
28. Nd4 Bc5 29. Nb3 Na5 30. Qe5 Nxb3 31. axb3 Rg8 32. b4 Bf8 33. Rf1 Qh4 34.
Bg5 Qc4 35. Qd4 Qe2 36. Bh6 Be4+ 37. Ka1 Qa6# 0-1

[Event "Natal op 6th"]
[Site "Natal"]
[Date "2009.02.23"]
[Round "6"]
[White "Silveira Filho, Neri da Silva"]
[Black "Kosminsky, Ellen"]
[Result "1-0"]
[WhiteElo "2280"]
[BlackElo "1616"]
[PlyCount "77"]
[EventDate "2009.02.20"]
[EventType "swiss"]
[EventRounds "8"]
[EventCountry "BRA"]
[SourceTitle "CBM 129 Extra"]
[Source "ChessBase"]
[SourceDate "2009.05.05"]
[SourceVersion "2"]
[SourceVersionDate "2009.05.20"]
[SourceQuality "1"]

1. e4 e5 2. Nf3 Nc6 3. c3 Nf6 4. d4 d6 5. dxe5 dxe5 6. Qxd8+ Nxd8 7. Nxe5 Bd6
8. Nc4 O-O 9. Nxd6 cxd6 10. f3 Nc6 11. Bg5 Nd7 12. Nd2 f5 13. O-O-O Nce5 14.
Be7 Rf7 15. Bxd6 b6 16. Bxe5 Nxe5 17. Nc4 Nc6 18. Rd6 Bb7 19. Rxc6 Bxc6 20. Ne5
Rf6 21. Bc4+ Kf8 22. Nxc6 Rxc6 23. Bd5 Rac8 24. Bxc6 Rxc6 25. exf5 h5 26. Rd1
Rf6 27. Rd8+ Ke7 28. Ra8 a5 29. Ra7+ Kf8 30. g4 hxg4 31. fxg4 g6 32. fxg6 Rxg6
33. h3 Rh6 34. Rb7 Rxh3 35. Rxb6 Kf7 36. Ra6 Rg3 37. Rxa5 Rxg4 38. Re5 Kf6 39.
Re2 1-0

[Event "SLO-ch U10"]
[Site "Rogaska Slatina"]
[Date "2009.02.22"]
[Round "1"]
[White "Zunic, Gregor"]
[Black "Ribic, Simen"]
[Result "0-1"]
[WhiteElo "1500"]
[BlackElo "1500"]
[PlyCount "86"]
[EventDate "2009.02.22"]
[EventType "swiss"]
[EventRounds "9"]
[EventCountry "SLO"]
[SourceTitle "CBM 129 Extra"]
[Source "ChessBase"]
[SourceDate "2009.05.05"]
[SourceVersion "2"]
[SourceVersionDate "2009.05.20"]
[SourceQuality "1"]

1. e4 e5 2. Nf3 Nc6 3. c3 Nf6 4. d4 d6 5. Be2 exd4 6. cxd4 Bg4 7. O-O Nxe4 8.
d5 Nb4 9. Qa4+ c6 10. dxc6 Nc5 11. cxb7+ Nxa4 12. Bb5+ Bd7 13. Bxd7+ Kxd7 14.
bxa8=Q Qxa8 15. Rd1 Nc2 16. Ne5+ Ke6 17. Nf3 Nxa1 18. Na3 Qb8 19. Nd4+ Kd7 20.
Ndb5 Nc2 21. b3 Nxa3 22. Nxa3 Qb4 23. bxa4 Qxa4 24. Rf1 d5 25. Nb1 Qxa2 26. Nc3
Qc2 27. Nxd5 Bd6 28. Ne3 Qc7 29. Nd5 Qd8 30. Rd1 Re8 31. Bf4 Re6 32. Be3 Qh4
33. g3 Qh5 34. Bf4 Qxd1+ 35. Kg2 Qxd5+ 36. Kf1 a5 37. Bc1 Qe5 38. Be3 Rf6 39.
Ke2 Qh5+ 40. Kf1 Qf3 41. Ke1 Bb4+ 42. Bd2 Qxf2+ 43. Kd1 Qxd2# 0-1

[Event "Ouest Toulousain op-A 4th"]
[Site "Tournefeuille"]
[Date "2009.02.21"]
[Round "9"]
[White "Humeau, Cyril"]
[Black "Zarrouati, Pierre"]
[Result "1/2-1/2"]
[WhiteElo "2203"]
[BlackElo "2193"]
[PlyCount "200"]
[EventDate "2009.02.16"]
[EventType "swiss"]
[EventRounds "9"]
[EventCountry "FRA"]
[SourceTitle "CBM 128 Extra"]
[Source "ChessBase"]
[SourceDate "2009.03.05"]
[SourceVersion "2"]
[SourceVersionDate "2009.03.25"]
[SourceQuality "1"]

1. e4 e5 2. Nf3 Nc6 3. c3 Be7 4. d4 d6 5. Bd3 Nf6 6. O-O O-O 7. h3 h6 8. Re1 a6
9. Nbd2 Nh7 10. dxe5 dxe5 11. Qe2 Ng5 12. Nxg5 Bxg5 13. Nf3 Bxc1 14. Raxc1 Qe7
15. Rcd1 Qf6 16. Rd2 Ne7 17. Nh2 Ng6 18. Qf3 Nf4 19. Red1 Be6 20. Bc2 Rad8 21.
Bb3 Rxd2 22. Rxd2 Nxh3+ 23. Kf1 Qg5 24. Rd1 Bxb3 25. axb3 Nf4 26. g3 Ne6 27.
Ng4 h5 28. Ne3 h4 29. Nf5 hxg3 30. Qxg3 g6 31. Qxg5 Nxg5 32. Ne7+ Kg7 33. Rd7
Ne6 34. Nd5 Rc8 35. b4 b5 36. f3 c5 37. bxc5 Nxc5 38. Rd6 Na4 39. Rxa6 Nxb2 40.
Rb6 Rc5 41. Rb7 Na4 42. Kf2 Nxc3 43. Nxc3 Rxc3 44. Rxb5 f6 45. Rb6 Rc7 46. Ra6
Rf7 47. Re6 Kh6 48. Ra6 Kg5 49. Ra1 f5 50. Rg1+ Kf6 51. exf5 gxf5 52. Rg8 Ke6
53. Rd8 Kf6 54. Rg8 f4 55. Re8 Ra7 56. Rg8 Ra2+ 57. Kf1 Ke6 58. Rd8 Rb2 59.
Re8+ Kd5 60. Rd8+ Kc4 61. Rd7 Rb3 62. Kf2 Rd3 63. Rc7+ Kb3 64. Rc5 Re3 65. Rc8
Kb4 66. Rc7 Kb5 67. Rc8 Rd3 68. Rc7 Rd5 69. Ke2 Rc5 70. Rd7 Kc4 71. Rd8 Rd5 72.
Rc8+ Kd4 73. Ra8 Rd6 74. Ra4+ Kc3 75. Ra5 Re6 76. Ra3+ Kd4 77. Ra4+ Kc5 78.
Ra5+ Kd6 79. Ra6+ Ke7 80. Ra7+ Kf6 81. Ra8 Rb6 82. Rf8+ Ke7 83. Ra8 Rb2+ 84.
Kf1 Kd6 85. Ra5 Rc2 86. Rb5 Rc3 87. Kf2 Rc5 88. Rb8 Kd5 89. Ra8 Kd4 90. Rd8+
Kc3 91. Ke2 Rb5 92. Rc8+ Kb2 93. Rc7 Rb3 94. Rc5 Re3+ 95. Kf2 Kb3 96. Rc8 Rc3
97. Re8 Rc5 98. Ke2 Kb4 99. Rb8+ Kc4 100. Rd8 Kb4 1/2-1/2

[Event "Dubna-ch"]
[Site "Dubna"]
[Date "2009.02.21"]
[Round "6"]
[White "Kuryshkin, Anatoliy"]
[Black "Sergeev, Igor"]
[Result "0-1"]
[WhiteElo "1976"]
[BlackElo "2443"]
[PlyCount "68"]
[EventDate "2009.02.16"]
[EventType "tourn"]
[EventRounds "11"]
[EventCountry "RUS"]
[SourceTitle "EXT 2012"]
[Source "ChessBase"]
[SourceDate "2011.11.24"]
[SourceVersion "1"]
[SourceVersionDate "2011.11.24"]
[SourceQuality "1"]

1. e4 e5 2. Nf3 Nc6 3. c3 f5 4. d4 fxe4 5. Nxe5 Qf6 6. Ng4 Qg6 7. d5 h5 8. dxc6
hxg4 9. cxb7 Bxb7 10. Bf4 Qb6 11. Qb3 Bc5 12. Qxb6 Bxb6 13. Na3 d5 14. Nb5
O-O-O 15. Be2 Nf6 16. Be5 Rhg8 17. a4 a5 18. Bd4 c5 19. Be5 Bc6 20. Nd6+ Kd7
21. Nf5 Ke6 22. Bxf6 gxf6 23. Nh6 Rg5 24. Nxg4 f5 25. Ne3 f4 26. Ng4 Kf5 27. f3
d4 28. O-O-O d3 29. fxe4+ Bxe4 30. Bf3 Rxg4 31. Bxg4+ Kxg4 32. Rhe1 Kf5 33. g3
c4 34. gxf4 Bf2 0-1

[Event "BEL-chT 0809"]
[Site "Belgium"]
[Date "2009.02.15"]
[Round "9"]
[White "Zamparo, Sergio"]
[Black "Smits, Mark"]
[Result "1/2-1/2"]
[WhiteElo "2116"]
[BlackElo "2301"]
[PlyCount "147"]
[EventDate "2008.10.05"]
[EventType "team"]
[EventRounds "11"]
[EventCountry "BEL"]
[SourceTitle "EXT 2010"]
[Source "ChessBase"]
[SourceDate "2009.11.30"]
[SourceVersion "1"]
[SourceVersionDate "2009.11.30"]
[SourceQuality "1"]

1. e4 e5 2. Nf3 Nc6 3. c3 d6 4. d4 Qe7 5. Bb5 Bd7 6. O-O Nf6 7. Re1 g6 8. d5
Nb8 9. c4 Bg7 10. Nc3 O-O 11. Bg5 h6 12. Bd2 Bg4 13. h3 Bc8 14. Nh2 Nbd7 15.
Qc1 Kh7 16. Ba4 Nh5 17. Ng4 Nf4 18. Bc2 h5 19. Nh2 Bh6 20. Ne2 Qf6 21. Nxf4
Bxf4 22. Bxf4 exf4 23. Nf3 Ne5 24. Nxe5 Qxe5 25. Bd1 Bd7 26. Qd2 Rae8 27. Bf3
Kh6 28. g3 g5 29. g4 b6 30. Kg2 hxg4 31. Bxg4 Re7 32. f3 Rfe8 33. Kf2 Kg6 34.
h4 Bxg4 35. fxg4 gxh4 36. Kf3 Kg5 37. Re2 Qf6 38. Rh1 Rh8 39. Reh2 Rh6 40. Rxh4
Rxh4 41. Rxh4 Kg6 42. g5 Qe5 43. Rxf4 Re8 44. Rf6+ Kg7 45. Qf4 Qxf4+ 46. Kxf4
Rh8 47. Rh6 Rxh6 48. gxh6+ Kxh6 49. Kf5 Kg7 50. b4 Kf8 51. Kf6 Ke8 52. e5 dxe5
53. Kxe5 Ke7 54. c5 Kd7 55. Kf6 Ke8 56. c6 b5 57. a3 a6 58. Kf5 Ke7 59. Ke5 f6+
60. Kf5 Kd6 61. Kxf6 Kxd5 62. Ke7 Kxc6 63. Ke6 Kb6 64. Kd5 c6+ 65. Kd4 c5+ 66.
bxc5+ Kc6 67. Kc3 Kxc5 68. Kb3 a5 69. Kc3 Kd5 70. Kd3 Ke5 71. Kc3 Kd6 72. Kd2
Ke5 73. Ke3 Kd6 74. Kd3 1/2-1/2

[Event "Tournament (Elo)"]
[Site "Konakovo (Russia)"]
[Date "2009.02.14"]
[Round "12"]
[White "Kovalev, Alexander"]
[Black "Lukash, Nikolay"]
[Result "0-1"]
[WhiteElo "2153"]
[BlackElo "2086"]
[PlyCount "78"]
[EventDate "2009.??.??"]
[EventRounds "12"]
[SourceTitle "OM OTB B 201907"]
[Source "Opening Master"]
[SourceDate "2019.07.06"]
[SourceVersion "2"]
[SourceVersionDate "2019.07.06"]
[SourceQuality "1"]

1. e4 e5 2. Nf3 Nc6 3. c3 Nf6 4. Bb5 a6 5. Ba4 b5 6. Bb3 h6 7. O-O d6 8. d4 Bg4
9. Be3 Be7 10. Nbd2 O-O 11. h3 Bh5 12. Qb1 Kh8 13. Nh2 Bg6 14. Bc2 Nh5 15. d5
Nb8 16. Qd1 Bg5 17. Ng4 Nf4 18. Nf3 h5 19. Ngh2 Bh6 20. Bxf4 Bxf4 21. g3 Bh6
22. Nh4 Nd7 23. N2f3 Bh7 24. Nf5 Bg5 25. Nxg5 Qxg5 26. Qf3 g6 27. Qe3 Qf6 28.
Nh4 Qg7 29. Ng2 g5 30. Rac1 f5 31. exf5 Bxf5 32. Bxf5 Rxf5 33. Qe4 Raf8 34. Ne3
Rf3 35. Rcd1 Nc5 36. Qc2 e4 37. Rd4 Qe5 38. Qe2 Nd3 39. Nd1 Rxg3+ 0-1

[Event "Scarborough CC Jack Frost U1700"]
[Site "Toronto"]
[Date "2009.02.12"]
[Round "6"]
[White "Yusuf, Magas"]
[Black "Pishdad, Hassan"]
[Result "1-0"]
[WhiteElo "1224"]
[BlackElo "1366"]
[PlyCount "27"]
[EventDate "2009.01.08"]
[EventType "swiss"]
[EventRounds "7"]
[EventCountry "CAN"]
[SourceTitle "EXT 2011"]
[Source "ChessBase"]
[SourceDate "2010.11.26"]
[SourceVersion "1"]
[SourceVersionDate "2010.11.26"]
[SourceQuality "1"]

1. e4 e5 2. Nf3 Nc6 3. c3 Nf6 4. d4 Nxe4 5. d5 Ne7 6. Nxe5 d6 7. Bb5+ c6 8.
dxc6 Qb6 9. cxb7+ Qxb5 10. bxa8=Q Qb7 11. Qa4+ Nc6 12. Qxc6+ Qxc6 13. Qxc6+ Bd7
14. Qxd7# 1-0

[Event "Ivrea Eporediese op 26th"]
[Site "Ivrea"]
[Date "2009.02.12"]
[Round "5"]
[White "Saccuman, Andrea"]
[Black "Giunto, Stefano"]
[Result "0-1"]
[WhiteElo "1422"]
[BlackElo "1422"]
[PlyCount "114"]
[EventDate "2009.01.15"]
[EventType "swiss"]
[EventRounds "9"]
[EventCountry "ITA"]
[SourceTitle "EXT 2011"]
[Source "ChessBase"]
[SourceDate "2010.11.26"]
[SourceVersion "1"]
[SourceVersionDate "2010.11.26"]
[SourceQuality "1"]

1. e4 e5 2. Nf3 Nc6 3. c3 Nf6 4. Qe2 Be7 5. d4 d6 6. Nbd2 d5 7. dxe5 dxe4 8.
Nxe4 Nxe4 9. Qxe4 O-O 10. Bd3 g6 11. Bh6 Re8 12. Qe3 Bf8 13. Rd1 Qe7 14. Bf4
Bg7 15. Bg5 Qe6 16. Bb5 Bd7 17. Bxc6 Bxc6 18. Bf4 Bxf3 19. Qxf3 Bxe5 20. Be3 b6
21. O-O Rad8 22. Rxd8 Rxd8 23. a3 Bd6 24. Re1 Qe5 25. g3 Bc5 26. Kf1 Bxe3 27.
Rxe3 Qb5+ 28. Qe2 Qxe2+ 29. Rxe2 Rd1+ 30. Re1 Rxe1+ 31. Kxe1 f5 32. f3 Kf7 33.
Ke2 Kf6 34. Ke3 g5 35. h4 gxh4 36. gxh4 Ke6 37. Kf4 h6 38. b3 c5 39. b4 a5 40.
Ke3 Ke5 41. f4+ Kd5 42. Kd3 c4+ 43. Ke3 axb4 44. axb4 h5 45. b5 Kc5 46. Kd2
Kxb5 47. Ke3 Kc5 48. Kd2 b5 49. Kc2 b4 50. cxb4+ Kxb4 51. Kd2 Kb3 52. Kc1 c3
53. Kb1 c2+ 54. Kc1 Kc4 55. Kxc2 Kd4 56. Kd2 Ke4 57. Ke2 Kxf4 0-1